Sports Quiz

Random Sports or Football Quiz

Football Kits: World Cup 1974 Quiz Stats

Quiz not verified by Sporcle

Challenge
Share
Tweet
Score 0/16 Timer 03:00
0 Plays Today
% Correct
Argentina
99.4%
Netherlands
99%
West Germany
98.9%
Uruguay
98.6%
Brazil
97.8%
Zaire
97.1%
Sweden
96.8%
Italy
96.5%
% Correct
Scotland
92.7%
Poland
91.8%
Bulgaria
87.5%
Australia
85.9%
East Germany
82.8%
Yugoslavia
78.5%
Chile
73.8%
Haiti
48.6%

You're not logged in!

Compare scores with friends on all Sporcle quizzes.
Sign Up with Email
OR
Log In

You Might Also Like...

Show Comments

Extras

Top Quizzes Today


Score Distribution

Your Account Isn't Verified!

In order to create a playlist on Sporcle, you need to verify the email address you used during registration. Go to your Sporcle Settings to finish the process.